[Event "Detroit (MOR/6/98)"]
[Site "?"]
[Date "1992.??.??"]
[Round "?"]
[White "Brown, W."]
[Black "Pavlovich, J."]
[Result "0-1"]
[WhiteElo "1605"]
[BlackElo "1605"]
[PlyCount "132"]
[EventDate "1992.??.??"]

{6/(98)} 1. e4 c5 2. Bc4 e6 3. Nf3 a6 4. a4 Nc6 5. Nc3 Nf6 6. O-O Qc7 7. Re1 d6
8. Ba2 b6 9. d4 cxd4 10. Nxd4 g6 11. Nd5 Nxd5 12. Nxc6 Nf6 13. Nd4 Bg7 14. c3
O-O 15. Bd2 Bb7 16. f3 Bc8 17. Be3 Bb7 18. Qd3 Rfd8 19. Bxe6 d5 20. Bxd5 Nxd5
21. exd5 Bxd5 22. Bf2 Bc4 23. Qe3 Rd7 24. b3 Bd5 25. Rab1 Rc8 26. Rbc1 Qa7 27.
Qf4 Re7 28. Rxe7 Qxe7 29. c4 Bb7 30. Re1 Qd7 31. Ne2 Re8 32. Bxb6 Be5 33. Qh4
Qd2 34. Kf1 Qb4 35. a5 Qxb3 36. Ng3 Qd3+ 37. Kg1 Bd4+ 38. Qxd4 Qxd4+ 39. Bxd4
Rxe1+ 40. Kf2 Rc1 41. c5 Bc6 42. Ne2 Rc4 43. Ke3 Rc2 44. Kd3 Ra2 45. Nc3 Rxg2
46. Kc4 Rxh2 47. Be5 Rh3 48. Nd5 Kf8 49. Bd6+ Ke8 50. Nc7+ Kd7 51. Nxa6 Kc8 52.
Nb8 Bxf3 53. c6 Be2+ 54. Kc5 Rh5+ 55. Kd4 Rxa5 56. Nd7 Ra6 57. Kc5 Ra5+ 58. Kd4
Rb5 59. Ne5 f5 60. Nd7 Bf3 61. Kc4 Bxc6 62. Ne5 Be8 63. Kd3 h6 64. Be7 Rb1 65.
Ke3 Re1+ 66. Kf4 Re4+ 0-1

[Event "Detroit (MOR/2/77)"]
[Site "?"]
[Date "1992.??.??"]
[Round "?"]
[White "Brown, W."]
[Black "Grzegorczyk, Ron"]
[Result "0-1"]
[WhiteElo "1605"]
[BlackElo "1630"]
[PlyCount "106"]
[EventDate "1992.??.??"]

{2/(77)} 1. e4 c5 2. Nf3 Nc6 3. Bc4 e6 4. Nc3 Nge7 5. O-O a6 6. d4 b5 7. Be2
cxd4 8. Nxd4 Bb7 9. Be3 g6 10. Nf3 Bg7 11. Qd2 Qc7 12. Rad1 Rd8 13. Bxb5 axb5
14. Nxb5 Qb8 15. Nd6+ Kf8 16. Bb6 Ba6 17. Qf4 f6 18. Bxd8 Bxf1 19. Bxe7+ Kxe7
20. Rxf1 Qxd6 21. Qxd6+ Kxd6 22. a3 f5 23. Ng5 Ke7 24. b3 h6 25. Nf3 fxe4 26.
Nd2 Nd4 27. c4 Ne2+ 28. Kh1 Nc3 29. g3 Bd4 30. Kg2 Rf8 31. b4 Ra8 32. Nb3 Bf6
33. Na5 d5 34. c5 Na4 35. Rc1 Bb2 36. Rc2 Bxa3 37. Ra2 Bxb4 38. Nc6+ Kd7 39.
Nxb4 Kc7 40. Ra3 Kb7 41. c6+ Kc7 42. Kf1 Nb6 43. Rb3 Nc4 44. Ke2 Kd6 45. h4 Rc8
46. g4 Ne5 47. g5 hxg5 48. hxg5 Nxc6 49. Nxc6 Rxc6 50. Rh3 Ke5 51. Rh2 d4 52.
Rg2 Kf4 53. Kd2 Rc5 0-1

[Event "Detroit (MOR/2/57)"]
[Site "?"]
[Date "1992.??.??"]
[Round "?"]
[White "Brown, S."]
[Black "Wysocki, Marc"]
[Result "1-0"]
[WhiteElo "1605"]
[BlackElo "1750"]
[PlyCount "39"]
[EventDate "1992.??.??"]

{2/(57)} 1. Nf3 f5 2. c4 Nf6 3. d4 g6 4. Nc3 Bg7 5. g3 O-O 6. Bg2 d6 7. O-O h6
8. e3 Nbd7 9. Nh4 Kh7 10. e4 fxe4 11. Nxe4 Nxe4 12. Bxe4 Rf6 13. g4 Nf8 14. g5
Rf7 15. gxh6 Bxh6 16. Qh5 Qd7 17. Bxg6+ Nxg6 18. Qxg6+ Kh8 19. Qxh6+ Rh7 20.
Qf8# 1-0

[Event "Detroit (MOR/7/54)"]
[Site "?"]
[Date "1992.??.??"]
[Round "?"]
[White "Brown, S."]
[Black "Turner, Keita"]
[Result "0-1"]
[WhiteElo "1605"]
[BlackElo "1710"]
[PlyCount "56"]
[EventDate "1992.??.??"]

{7/(54)} 1. Nf3 Nf6 2. g3 g6 3. Bg2 Bg7 4. d4 O-O 5. O-O d6 6. c3 Bd7 7. Ng5
Nc6 8. Re1 h6 9. Ne4 Nxe4 10. Bxe4 Bh3 11. Qb3 Rb8 12. Bxg6 Na5 13. Qd5 Be6 14.
Bxf7+ Bxf7 15. Qxa5 e5 16. dxe5 dxe5 17. Qxa7 Qf6 18. Nd2 Bd5 19. e4 Be6 20. f3
Bh3 21. Qf2 h5 22. Re3 Rbd8 23. Qe2 Bh6 24. Rd3 Rxd3 25. Qxd3 Qb6+ 26. Kh1 Qf2
27. Qd5+ Rf7 28. Qxf7+ Kxf7 0-1

[Event "Detroit (MOR/6/58)"]
[Site "?"]
[Date "1992.??.??"]
[Round "?"]
[White "Brown, S."]
[Black "Imai, Toshio"]
[Result "1-0"]
[WhiteElo "1605"]
[BlackElo "1700"]
[PlyCount "71"]
[EventDate "1992.??.??"]

{6/(58)} 1. Nf3 Nf6 2. d4 c5 3. dxc5 Nc6 4. g3 e5 5. Bg5 Bxc5 6. Nc3 h6 7. Bc1
d5 8. Nd2 Bg4 9. f3 Bh5 10. Na4 Bd6 11. c4 O-O 12. cxd5 Nxd5 13. Ne4 Bb4+ 14.
Nac3 f5 15. a3 fxe4 16. axb4 Nxc3 17. Qb3+ Qd5 18. Qxc3 Rad8 19. Bd2 Kh8 20.
Bg2 exf3 21. exf3 Bxf3 22. Bxf3 Rxf3 23. Qc1 Qe4+ 24. Kd1 Rfd3 25. Re1 Qxb4 26.
Re2 Nd4 27. Ra3 Nxe2 28. Rxd3 Qg4 29. Rxd8+ Kh7 30. Qc2+ e4 31. Ke1 Ng1 32. Bf4
Nf3+ 33. Kf2 Qf5 34. Qc8 Qf6 35. Rh8+ Kg6 36. Qe8+ 1-0

[Event "Detroit (MOR/4/53)"]
[Site "?"]
[Date "1992.??.??"]
[Round "?"]
[White "Brown, S."]
[Black "Collins, Charles"]
[Result "1/2-1/2"]
[WhiteElo "1605"]
[BlackElo "1740"]
[PlyCount "120"]
[EventDate "1992.??.??"]

{4/(53)} 1. Nf3 Nf6 2. d4 g6 3. g3 Bg7 4. Bg2 d6 5. O-O Nbd7 6. c3 O-O 7. Re1
e5 8. dxe5 dxe5 9. Bg5 h6 10. Bc1 c6 11. Nbd2 a5 12. Nc4 Qc7 13. Qd6 Qxd6 14.
Nxd6 Rd8 15. Nxc8 Raxc8 16. Bh3 Re8 17. Rd1 Rcd8 18. Be3 Nd5 19. Bxd7 Rxd7 20.
c4 Nf6 21. Rxd7 Nxd7 22. Rd1 Nf6 23. Bb6 a4 24. Rd8 Rxd8 25. Bxd8 Ne4 26. Ba5
b5 27. cxb5 cxb5 28. Nd2 Nxd2 29. Bxd2 e4 30. b3 f5 31. bxa4 bxa4 32. f3 Bd4+
33. e3 Bg7 34. fxe4 fxe4 35. Kf2 Kf7 36. Ke2 Ke6 37. Kd1 Kd5 38. Kc2 Kc4 39.
Be1 h5 40. h3 Bh6 41. Bd2 Bf8 42. g4 hxg4 43. hxg4 Bh6 44. Bc1 Bg5 45. Kd2 Bf6
46. Kc2 Be5 47. Kd2 Bc3+ 48. Kc2 Bb4 49. Bb2 Bc5 50. Bc1 Bd6 51. Bb2 Bc5 52.
Bc1 Kd5 53. Kc3 a3 54. Kb3 Bd6 55. Bxa3 Bxa3 56. Kxa3 Kc4 57. Kb2 Kd3 58. a4
Kxe3 59. a5 Kf2 60. a6 e3 1/2-1/2

[Event "East Lansing (MI Am/5)"]
[Site "?"]
[Date "1992.??.??"]
[Round "?"]
[White "Brown, Dan"]
[Black "Pavlovich, J."]
[Result "0-1"]
[WhiteElo "1855"]
[BlackElo "1640"]
[PlyCount "114"]
[EventDate "1992.??.??"]

1. c4 e5 2. Nc3 Nf6 3. g3 d5 4. cxd5 Nxd5 5. Bg2 Nxc3 6. bxc3 c5 7. Nf3 Nc6 8.
d3 Qc7 9. O-O Bd6 10. Be3 O-O 11. Rb1 Rb8 12. Ng5 b6 13. Ne4 Bb7 14. Nxd6 Qxd6
15. f4 Ne7 16. fxe5 Qd7 17. Qb3 Nc6 18. Rf2 Nxe5 19. Bxc5 Rfe8 20. Ba3 Ng4 21.
Rbf1 Nxf2 22. Rxf2 Qe6 23. c4 Qg4 24. Qc2 Re6 25. Qb2 Bxg2 26. Kxg2 Rd8 27. d4
Rde8 28. Kf1 Re4 29. c5 Rxd4 30. cxb6 Rd1+ 31. Kg2 Qe4+ 32. Kh3 Qe6+ 33. Kg2
Qxb6 34. Qc2 Qb1 35. Qc4 Qe4+ 36. Qxe4 Rxe4 37. Bc5 a6 38. e3 Rc4 39. Rb2 h6
40. Bd4 Rdc1 41. Rb8+ Kh7 42. a3 R1c2+ 43. Kh3 Ra4 44. Rb7 Kg6 45. Rb6+ f6 46.
Rb3 Rac4 47. Rb6 Rc6 48. Rb3 Re2 49. Rb1 Rcc2 50. Rh1 Ra2 51. Bc5 Kf5 52. Rf1+
Kg6 53. Rh1 Kf7 54. g4 Ke6 55. Kg3 g5 56. h4 Rg2+ 57. Kf3 Kd5 0-1

[Event "East Lansing (MI Am/1)"]
[Site "?"]
[Date "1992.??.??"]
[Round "?"]
[White "Brown, Dan"]
[Black "DeVries, D."]
[Result "1-0"]
[WhiteElo "1855"]
[BlackElo "1605"]
[PlyCount "51"]
[EventDate "1992.??.??"]

1. c4 e5 2. Nc3 Nc6 3. g3 Bc5 4. Bg2 Nf6 5. Nf3 O-O 6. O-O d6 7. d3 Be6 8. Bg5
h6 9. Bh4 Nd4 10. Nxd4 Bxd4 11. Ne4 c6 12. Nxf6+ gxf6 13. e3 Bb6 14. Be4 d5 15.
Qh5 Kg7 16. cxd5 cxd5 17. Bf5 Bxf5 18. Qxf5 Qd6 19. Qg4+ Kh7 20. Rac1 Qe6 21.
Qf3 Kg7 22. Qe2 Rac8 23. Rxc8 Rxc8 24. Kg2 Qc6 25. Qg4+ Kh7 26. Bxf6 1-0

[Event "Jackson (Prison m)"]
[Site "?"]
[Date "1992.??.??"]
[Round "?"]
[White "Brotherton, D."]
[Black "C, Carnell"]
[Result "1-0"]
[WhiteElo "1605"]
[BlackElo "1605"]
[PlyCount "65"]
[EventDate "1992.??.??"]

1. e4 e5 2. Nf3 d6 3. Bc4 Be6 4. Bxe6 fxe6 5. d4 Nc6 6. dxe5 dxe5 7. O-O Bd6 8.
Nc3 Nf6 9. Bg5 Qe7 10. Re1 Rd8 11. Qe2 a6 12. Rad1 O-O 13. a3 h6 14. Bh4 g5 15.
Bg3 b5 16. h3 Nd7 17. b4 Rb8 18. Rb1 Nd4 19. Nxd4 exd4 20. Bxd6 Qxd6 21. Na2
Qf4 22. Rbd1 e5 23. Rd3 Qf7 24. Nc1 c5 25. Rf3 Qc4 26. Qxc4+ bxc4 27. Rxf8+
Kxf8 28. bxc5 Nxc5 29. f3 Rb1 30. Kf2 d3 31. cxd3 cxd3 32. Ke3 Nb3 33. Nxd3 1-0

[Event "Flint (Class B/1)"]
[Site "?"]
[Date "1992.??.??"]
[Round "?"]
[White "Brooks, Brion"]
[Black "Woolery, Bob"]
[Result "1-0"]
[WhiteElo "1725"]
[BlackElo "1645"]
[PlyCount "53"]
[EventDate "1992.??.??"]

1. d4 d5 2. c4 c6 3. Nc3 Nf6 4. cxd5 cxd5 5. Nf3 Nc6 6. Bf4 a6 7. e3 e6 8. a3
Bd6 9. Bg5 Be7 10. Bd3 Qc7 11. Qc2 g6 12. Rc1 O-O 13. Bh6 Re8 14. h4 Ng4 15. h5
Nxh6 16. hxg6 Nf5 17. gxf7+ Kxf7 18. g4 Nxe3 19. Rxh7+ Kg8 20. fxe3 Qg3+ 21.
Kd2 Qxf3 22. Be2 Qf6 23. Rf1 Qg5 24. Rfh1 Bf6 25. R1h5 Nxd4 26. Rxg5+ Bxg5 27.
Qg6+ 1-0

[Event "East Lansing (MI Am/3)"]
[Site "?"]
[Date "1992.??.??"]
[Round "?"]
[White "Brooks, Brion"]
[Black "Waite, Lawrence"]
[Result "1-0"]
[WhiteElo "1765"]
[BlackElo "1605"]
[PlyCount "51"]
[EventDate "1992.??.??"]

1. d4 Nf6 2. c4 g6 3. Nc3 Bg7 4. e4 d6 5. Nf3 O-O 6. Be2 c5 7. d5 Nbd7 8. O-O
a6 9. a4 Nb6 10. Ne1 e6 11. a5 exd5 12. axb6 dxc4 13. Bxc4 Qxb6 14. Nd5 Nxd5
15. Bxd5 Qd8 16. Nf3 Kh8 17. Qb3 f6 18. Bd2 Qe7 19. Rad1 Rb8 20. Qb6 Bg4 21.
Bf4 Rfd8 22. Rd3 g5 23. Bg3 h5 24. h3 Bd7 25. Bxd6 Qe8 26. Bxb8 1-0

[Event "Flint (Class B/5)"]
[Site "?"]
[Date "1992.??.??"]
[Round "?"]
[White "Brooks, Brion"]
[Black "Munger, Larry"]
[Result "1-0"]
[WhiteElo "1725"]
[BlackElo "1690"]
[PlyCount "75"]
[EventDate "1992.??.??"]

1. d4 Nf6 2. c4 g6 3. Nc3 Bg7 4. e4 d6 5. Be2 O-O 6. Nf3 c5 7. d5 Bg4 8. O-O
Nbd7 9. Be3 Nh5 10. h3 Bxf3 11. Bxf3 Bxc3 12. bxc3 Nhf6 13. Bh6 Re8 14. Qe2 Ne5
15. Bg4 Nfxg4 16. hxg4 f6 17. Bf4 Nf7 18. Bh2 e5 19. dxe6 Rxe6 20. f3 Kg7 21.
Rfd1 Qe7 22. Rd5 Rd8 23. Rad1 b6 24. Qd2 Ne5 25. Bxe5 fxe5 26. g5 Qf8 27. Kf2
Kf7 28. Rh1 Qg7 29. Qd1 Ke7 30. Rh6 Rd7 31. Qa4 Rc7 32. Rd1 Kd8 33. Rdh1 Ree7
34. Qd1 Rcd7 35. Qd5 Ke8 36. Rxh7 Qxh7 37. Rxh7 Rxh7 38. Qg8+ 1-0

[Event "Flint (Class B/3)"]
[Site "?"]
[Date "1992.??.??"]
[Round "?"]
[White "Brooks, Brion"]
[Black "Moceri, Paul"]
[Result "1-0"]
[WhiteElo "1725"]
[BlackElo "1690"]
[PlyCount "90"]
[EventDate "1992.??.??"]

1. d4 e6 2. c4 f5 3. g3 Nf6 4. Bg2 Be7 5. Nc3 O-O 6. Nf3 d5 7. O-O c6 8. cxd5
exd5 9. Ne5 Bd6 10. Qb3 Bc7 11. e4 fxe4 12. Nxe4 Nxe4 13. Bxe4 Kh8 14. Bg2 Qe8
15. Bg5 Bxe5 16. Rae1 Nd7 17. dxe5 Nc5 18. Qc3 Ne6 19. Be3 b6 20. b4 Ba6 21. f4
Bxf1 22. Rxf1 Rd8 23. f5 d4 24. Qxc6 dxe3 25. fxe6 Rxf1+ 26. Kxf1 Kg8 27. Qxe8+
Rxe8 28. Bc6 Rxe6 29. Bd5 Kf7 30. Ke2 Ke7 31. Bxe6 Kxe6 32. Kxe3 Kxe5 33. g4 b5
34. h4 h6 35. h5 a6 36. a3 Kf6 37. Kf4 Ke6 38. g5 Kf7 39. gxh6 gxh6 40. Kf5 Ke7
41. Kg6 Ke6 42. Kxh6 Kf6 43. Kh7 Kf7 44. h6 Kf8 45. Kg6 Kg8 1-0

[Event "East Lansing (MI Am/2)"]
[Site "?"]
[Date "1992.??.??"]
[Round "?"]
[White "Brooks, Brion"]
[Black "Eck, J."]
[Result "1-0"]
[WhiteElo "1765"]
[BlackElo "1605"]
[PlyCount "145"]
[EventDate "1992.??.??"]

1. d4 b6 2. c4 Ba6 3. b3 b5 4. e3 bxc4 5. bxc4 e6 6. Nc3 Nf6 7. Nf3 Nc6 8. Qa4
Bb4 9. Bd2 Bxc3 10. Bxc3 Ne4 11. Bb2 Rb8 12. Ba3 Bb7 13. Bd3 Ne7 14. Qxa7 Nc6
15. Qa4 Ra8 16. Qb3 Na5 17. Qb2 Ng5 18. d5 Nxf3+ 19. gxf3 Qg5 20. Ke2 e5 21.
Bb4 e4 22. fxe4 Qg4+ 23. Kd2 Qf3 24. Qe5+ Kd8 25. Qf4 Qxf4 26. exf4 d6 27. Rhg1
g6 28. Bc3 Re8 29. e5 Kd7 30. h4 c6 31. Bxa5 Rxa5 32. Rgb1 Ba8 33. Rb6 dxe5 34.
fxe5 Rxe5 35. dxc6+ Bxc6 36. Rb2 f5 37. f4 Re6 38. Rc1 Be4 39. c5 Bxd3 40. Kxd3
Ra3+ 41. Rc3 Rxc3+ 42. Kxc3 Re4 43. Rb4 Re3+ 44. Kc4 Rh3 45. Kd5 Rxh4 46. Rb7+
Kc8 47. Kc6 Rxf4 48. Rxh7 Kd8 49. Rh8+ Ke7 50. Kd5 Ra4 51. Rh7+ Kf6 52. c6 Rxa2
53. c7 Rd2+ 54. Kc6 Rc2+ 55. Kd7 Rd2+ 56. Kc8 f4 57. Rd7 Rc2 58. Rd6+ Kf5 59.
Kd7 f3 60. Rc6 Rd2+ 61. Ke7 Re2+ 62. Kf7 Rb2 63. c8=Q+ Ke4 64. Qg4+ Ke5 65.
Re6+ Kd5 66. Qe4+ Kc5 67. Re5+ Kd6 68. Qd5+ Kc7 69. Re7+ Kb6 70. Re6+ Ka7 71.
Qd4+ Ka8 72. Qxb2 g5 73. Ra6# 1-0

[Event "East Lansing (MI Am/5)"]
[Site "?"]
[Date "1992.??.??"]
[Round "?"]
[White "Brooks, Brion"]
[Black "Ball, Ed"]
[Result "1/2-1/2"]
[WhiteElo "1765"]
[BlackElo "1935"]
[PlyCount "65"]
[EventDate "1992.??.??"]

1. d4 g6 2. c4 b6 3. Nf3 Bg7 4. Nc3 Bb7 5. e4 c5 6. d5 e5 7. Be2 d6 8. O-O a6
9. a3 Ne7 10. Bg5 f6 11. Bh4 Nd7 12. Ne1 g5 13. Bg3 Ng6 14. Nd3 O-O 15. b4 Nf4
16. Bxf4 exf4 17. bxc5 bxc5 18. Rb1 Bc8 19. Qc2 Ne5 20. Nxe5 fxe5 21. Na4 g4
22. Rb3 Qg5 23. Nb6 Ra7 24. Nxc8 Rxc8 25. Rfb1 h5 26. Rb8 Rf8 27. Rxf8+ Bxf8
28. f3 Rg7 29. Qa4 gxf3 30. Bxf3 h4 31. Qe8 h3 32. Qe6+ Kh7 33. Qxh3+ 1/2-1/2

[Event "Detroit (Pan Am/4)"]
[Site "?"]
[Date "1992.??.??"]
[Round "?"]
[White "Brewer, M."]
[Black "Wright, Ken"]
[Result "0-1"]
[WhiteElo "1605"]
[BlackElo "1605"]
[PlyCount "130"]
[EventDate "1992.??.??"]

1. Nf3 d5 2. g3 c5 3. Bg2 Nf6 4. d3 Nc6 5. Nbd2 e5 6. e4 d4 7. O-O Bg4 8. a3 b5
9. h3 Be6 10. Ng5 Bd7 11. Re1 h6 12. Ngf3 Qc8 13. Kh2 g5 14. Nf1 g4 15. Ng1 Rg8
16. h4 Be6 17. c3 Qd8 18. Ne2 Rg6 19. cxd4 cxd4 20. Nd2 Be7 21. Nb3 Nh5 22. Rh1
a5 23. a4 b4 24. Nd2 Rc8 25. Nc4 Ng7 26. Bd2 Bxc4 27. dxc4 Bc5 28. Rf1 Be7 29.
Nc1 Bxh4 30. gxh4 Qxh4+ 31. Kg1 g3 32. fxg3 Qxg3 33. Qf3 Qxf3 34. Rxf3 h5 35.
Nd3 Ne7 36. Nxe5 Re6 37. Nxf7 Rxc4 38. Rc1 Rxc1+ 39. Bxc1 Rc6 40. Bg5 Ng6 41.
Nd8 Rc5 42. Rg3 h4 43. Bxh4 Rc1+ 44. Bf1 Nxh4 45. Nb7 Kf7 46. Nxa5 Ne6 47. e5
Nc5 48. b3 Ke6 49. Nc4 Ne4 50. Rd3 Nf5 51. Kg2 Nh4+ 52. Kg1 Nf5 53. Kg2 Rc2+
54. Kf3 Nc5 55. Rd2 Rc3+ 56. Kf4 Nxb3 57. Rd3 Ne7 58. Nb2 Nd5+ 59. Kf3 Kxe5 60.
Nc4+ Kf6 61. a5 Rxc4 62. Rxb3 Rc3+ 63. Rxc3 dxc3 64. Ke2 b3 65. Kd3 c2 0-1

[Event "Flint (Class DE/3)"]
[Site "?"]
[Date "1992.??.??"]
[Round "?"]
[White "Brewer, M."]
[Black "Worthey Sr., R."]
[Result "1/2-1/2"]
[WhiteElo "1605"]
[BlackElo "1605"]
[PlyCount "70"]
[EventDate "1992.??.??"]

1. Nf3 d5 2. d3 c6 3. Nbd2 Nf6 4. g3 Qc7 5. Bg2 e6 6. O-O Bc5 7. Qe1 O-O 8. e4
e5 9. exd5 Re8 10. Nc4 cxd5 11. Ncxe5 Nc6 12. Bf4 Ng4 13. Nxg4 Rxe1 14. Bxc7
Rxf1+ 15. Rxf1 Bxg4 16. Re1 Rc8 17. d4 Bf8 18. Be5 Nb4 19. Bf4 Rxc2 20. Re8 Bd7
21. Rd8 Be6 22. Bd6 Rc8 23. Rxc8 Bxc8 24. Bxf8 Kxf8 25. a3 Nd3 26. b4 b5 27.
Kf1 f6 28. Ke2 Nb2 29. Nd2 Bg4+ 30. f3 Be6 31. Nb3 Nc4 32. Nc5 Bc8 33. a4 a6
34. axb5 axb5 35. h3 h5 1/2-1/2

[Event "Detroit (Pan Am/1)"]
[Site "?"]
[Date "1992.??.??"]
[Round "?"]
[White "Brewer, M."]
[Black "Pukel, B."]
[Result "0-1"]
[WhiteElo "1605"]
[BlackElo "1900"]
[PlyCount "78"]
[EventDate "1992.??.??"]

1. Nf3 Nf6 2. g3 b6 3. d3 Bb7 4. Nbd2 d5 5. Bg2 Nbd7 6. O-O e5 7. e4 dxe4 8.
dxe4 Bc5 9. h3 O-O 10. Re1 Qe7 11. c3 Rad8 12. Qc2 Rfe8 13. Nf1 Nf8 14. N1h2
Ne6 15. Nxe5 Nf8 16. Nd3 Rxd3 17. Qxd3 Ng6 18. Bg5 Ne5 19. Qc2 h6 20. Bxf6 Qxf6
21. Ng4 Nxg4 22. hxg4 Qg6 23. Qe2 Bc8 24. Bf3 h5 25. gxh5 Qxg3+ 26. Kh1 Bxf2
27. Qf1 Qxf3+ 28. Qg2 Qxh5+ 29. Qh2 Qxh2+ 30. Kxh2 Bxe1 31. Rxe1 Bf5 32. Kg3
Rxe4 33. Rd1 Re2 34. Kf4 Be6 35. Rd8+ Kh7 36. Re8 Rxb2 37. Re7 Rxa2 38. Rxc7
Kg6 39. c4 Ra4 0-1

[Event "Flint (Class DE/1)"]
[Site "?"]
[Date "1992.??.??"]
[Round "?"]
[White "Brewer, M."]
[Black "Mitchell, Dave"]
[Result "1-0"]
[WhiteElo "1605"]
[BlackElo "1605"]
[PlyCount "101"]
[EventDate "1992.??.??"]

1. Nf3 d5 2. d3 c6 3. Nbd2 Bg4 4. g3 Nf6 5. Bg2 e6 6. e4 Nbd7 7. O-O Bc5 8. Re1
Qb6 9. Qe2 O-O 10. c3 e5 11. h3 Bh5 12. Nf1 dxe4 13. dxe4 Nxe4 14. Be3 Bxe3 15.
Qxe3 Qxe3 16. Rxe3 Bxf3 17. Bxf3 Nef6 18. Nh2 Rfe8 19. Rae1 Rad8 20. g4 Nd5 21.
Bxd5 cxd5 22. Nf3 e4 23. Nd2 b5 24. f3 Re7 25. fxe4 Rde8 26. Kf2 dxe4 27. Rxe4
Rxe4 28. Rxe4 Rxe4 29. Nxe4 Kf8 30. Ke3 Ke7 31. Kd4 Ke6 32. Nc5+ Nxc5 33. Kxc5
a6 34. Kb6 f5 35. gxf5+ Kxf5 36. Kxa6 g5 37. Kxb5 h5 38. a4 g4 39. hxg4+ hxg4
40. a5 g3 41. a6 g2 42. a7 g1=Q 43. a8=Q Qf1+ 44. c4 Ke5 45. Qd5+ Kf6 46. b4
Ke7 47. Kb6 Qh3 48. c5 Qd7 49. Qxd7+ Kxd7 50. c6+ Kc8 51. c7 1-0

[Event "Detroit (Pan Am/3)"]
[Site "?"]
[Date "1992.??.??"]
[Round "?"]
[White "Brewer, M."]
[Black "Falkowski, Kenneth"]
[Result "1/2-1/2"]
[WhiteElo "1605"]
[BlackElo "1700"]
[PlyCount "137"]
[EventDate "1992.??.??"]

1. Nf3 Nf6 2. g3 c6 3. Bg2 d6 4. d3 Bg4 5. Nbd2 e5 6. e4 Be7 7. O-O O-O 8. Qe1
h6 9. h3 Bh5 10. c3 Nbd7 11. g4 Bg6 12. Qe2 Rc8 13. d4 d5 14. exd5 exd4 15.
Nxd4 Nxd5 16. Bxd5 cxd5 17. Re1 Re8 18. N2f3 Be4 19. Be3 a6 20. Nd2 Bg6 21.
Rac1 Bd6 22. N4f3 h5 23. Qf1 hxg4 24. hxg4 Nf6 25. Bg5 Qd7 26. Bxf6 Qxg4+ 27.
Qg2 Qxg2+ 28. Kxg2 gxf6 29. Rg1 Kg7 30. Kf1 Bf4 31. Rd1 Kf8 32. Nb3 Be4 33.
Nfd4 Red8 34. Rg4 Be5 35. f3 Bg6 36. Kf2 Ke8 37. Rh4 Kd7 38. Ne2 Ke7 39. Nf4
Rh8 40. Nxg6+ fxg6 41. Rg4 Rh2+ 42. Rg2 Rxg2+ 43. Kxg2 Kd6 44. Nc1 Ke6 45. Nd3
Bb8 46. Nb4 Rd8 47. Re1+ Kd6 48. Rd1 Kc5 49. Rd4 a5 50. Nd3+ Kc6 51. c4 g5 52.
b4 axb4 53. Nxb4+ Kc5 54. Rxd5+ Rxd5 55. Nxd5 Be5 56. Ne3 Bd4 57. Kf2 Bxe3+ 58.
Kxe3 Kxc4 59. Ke4 Kb4 60. Kf5 Ka3 61. Kxf6 Kxa2 62. Kxg5 b5 63. f4 b4 64. f5 b3
65. f6 b2 66. f7 b1=Q 67. f8=Q Qg1+ 68. Kf6 Qd4+ 69. Kf7 1/2-1/2

[Event "Detroit (Pan Am/6)"]
[Site "?"]
[Date "1992.??.??"]
[Round "?"]
[White "Brewer, M."]
[Black "Cannon, Gregory"]
[Result "0-1"]
[WhiteElo "1605"]
[BlackElo "1605"]
[PlyCount "78"]
[EventDate "1992.??.??"]

1. Nf3 Nf6 2. g3 g6 3. Bg2 Bg7 4. d3 d5 5. Nbd2 O-O 6. e4 dxe4 7. dxe4 Nc6 8.
O-O Rb8 9. Re1 Be6 10. Ng5 Bd7 11. e5 Ng4 12. Bxc6 bxc6 13. e6 Nxf2 14. Kxf2
fxe6+ 15. Kg2 c5 16. Nde4 Bc6 17. Qxd8 Rfxd8 18. Nxe6 Rd6 19. Nxg7 Kxg7 20. Bd2
Rxd2+ 21. Kg1 Rxc2 22. b3 c4 23. bxc4 Rbb2 24. c5 Rxh2 25. Rad1 Bxe4 26. Rxe4
Rhe2 27. Rxe2 Rxe2 28. Rd7 Kf6 29. Rxc7 Rxa2 30. Rd7 Rc2 31. Rxa7 Rxc5 32. Ra6+
Kf5 33. Kg2 e5 34. Ra2 e4 35. Re2 Re5 36. Kh3 h5 37. Kh4 e3 38. Kh3 g5 39. Kg2
Kg4 0-1

[Event "East Lansing (MI Am/4)"]
[Site "?"]
[Date "1992.??.??"]
[Round "?"]
[White "Brelitch, D."]
[Black "Vaughn, Gerald"]
[Result "1-0"]
[WhiteElo "1605"]
[BlackElo "1605"]
[PlyCount "121"]
[EventDate "1992.??.??"]

1. Nf3 d5 2. g3 Nf6 3. Bg2 c5 4. O-O Nc6 5. d3 e5 6. Bg5 Be7 7. Nbd2 h6 8. Bxf6
Bxf6 9. Nb3 b6 10. c4 d4 11. Nxe5 Nxe5 12. Bxa8 Bh3 13. Bg2 Bxg2 14. Kxg2 O-O
15. Nd2 Re8 16. Ne4 Qa8 17. f3 Bd8 18. Qa4 Re6 19. Nd6 Bc7 20. Ne4 f5 21. Nd2
Ng4 22. Rfe1 f4 23. Qd7 Ne3+ 24. Kf2 fxg3+ 25. hxg3 Qc6 26. Qxc6 Rxc6 27. Rh1
g5 28. g4 Rf6 29. Rh3 Nxg4+ 30. Kg2 Ne3+ 31. Kg1 Kg7 32. Ne4 Rf4 33. Kf2 Ng4+
34. Kf1 Ne3+ 35. Kf2 Rf5 36. Rah1 a5 37. a4 Ng4+ 38. Kf1 Rf7 39. Ng3 Bxg3 40.
Rxg3 Ne3+ 41. Kf2 Nf5 42. Rgh3 Nh4 43. Rg1 Nf5 44. Rgh1 Ne3 45. Rg1 Rf5 46. Rh5
Kg6 47. Rh3 Rf4 48. Rgh1 Kf5 49. Rg1 Kg6 50. Rgh1 Ng4+ 51. Kg3 Ne3 52. Rxh6+
Kf5 53. Rxb6 Ke5 54. Rb5 Nf5+ 55. Kf2 g4 56. Rxc5+ Kd6 57. Rxa5 g3+ 58. Kg2 Rh4
59. Rxh4 Nxh4+ 60. Kxg3 Ng6 61. Ra6+ 1-0

[Event "East Lansing (MI Am/2)"]
[Site "?"]
[Date "1992.??.??"]
[Round "?"]
[White "Brelitch, D."]
[Black "Cunningham, J."]
[Result "0-1"]
[WhiteElo "1605"]
[BlackElo "1605"]
[PlyCount "60"]
[EventDate "1992.??.??"]

1. Nf3 d5 2. g3 Nf6 3. Bg2 Nc6 4. O-O Bf5 5. d3 Qd7 6. Bg5 O-O-O 7. Nbd2 Bh3 8.
Bxf6 gxf6 9. Nb3 Bxg2 10. Kxg2 e5 11. e4 dxe4 12. dxe4 Bd6 13. Qd2 f5 14. exf5
Qxf5 15. c3 e4 16. Nfd4 Nxd4 17. Qxd4 c5 18. Qc4 h5 19. h4 Rhg8 20. Rae1 Rg4
21. Na5 Rxh4 22. f3 Qh3+ 23. Kf2 Qxg3+ 24. Ke3 Qf4+ 25. Ke2 Rh2+ 26. Rf2 Qxf3+
27. Kd2 Rxf2+ 28. Kc1 Bf4+ 29. Kb1 Rd1+ 30. Rxd1 Qxd1# 0-1

[Event "East Lansing (MI Am/5)"]
[Site "?"]
[Date "1992.??.??"]
[Round "?"]
[White "Brauker, J."]
[Black "Talreja, M."]
[Result "1-0"]
[WhiteElo "1605"]
[BlackElo "1605"]
[PlyCount "120"]
[EventDate "1992.??.??"]

1. e4 a6 2. a4 e5 3. Nf3 Nc6 4. Bc4 Nf6 5. d3 h6 6. Be3 Be7 7. Nbd2 O-O 8. c3
Ng4 9. O-O Nxe3 10. fxe3 d6 11. d4 Bf6 12. Be2 Be6 13. d5 Bd7 14. dxc6 Bxc6 15.
Qc2 Bg5 16. Nxg5 Qxg5 17. Qd3 f5 18. Bf3 f4 19. exf4 Rxf4 20. b4 b5 21. axb5
Bxb5 22. c4 Bc6 23. b5 Bb7 24. bxa6 Rxa6 25. Rxa6 Bxa6 26. Qd5+ Kh7 27. Ra1 Bc8
28. Ra7 Bh3 29. Ra2 Rh4 30. Nf1 Rf4 31. Qd3 Bg4 32. Bxg4 Qxg4 33. Rf2 Rxf2 34.
Kxf2 Qf4+ 35. Qf3 Qxf3+ 36. Kxf3 Kg6 37. Ne3 Kg5 38. Nd5 c6 39. Ne3 g6 40. Nc2
Kf6 41. Nb4 c5 42. Nc2 h5 43. h4 g5 44. g3 gxh4 45. gxh4 Ke6 46. Ne3 Ke7 47.
Nf5+ Ke6 48. Ke3 Kd7 49. Ng3 Kc6 50. Kd3 Kb6 51. Nxh5 Ka5 52. Ng3 Kb4 53. h5 d5
54. exd5 e4+ 55. Nxe4 Kb3 56. h6 Kb2 57. h7 Kb3 58. h8=Q Kb4 59. Qb8+ Ka3 60.
Kc3 Ka4 1-0

[Event "East Lansing (MI Am/2)"]
[Site "?"]
[Date "1992.??.??"]
[Round "?"]
[White "Brauker, J."]
[Black "Rickelt, T."]
[Result "1-0"]
[WhiteElo "1605"]
[BlackElo "1650"]
[PlyCount "51"]
[EventDate "1992.??.??"]

1. d4 f5 2. Bg5 g6 3. Nc3 Bg7 4. e3 Nf6 5. Bc4 d6 6. Nf3 Nc6 7. Qd2 e5 8. dxe5
dxe5 9. Qxd8+ Kxd8 10. Nd5 Rf8 11. O-O-O Bd7 12. Bb5 h6 13. Bxf6+ Rxf6 14. Nxf6
Bxf6 15. Rd2 e4 16. Bxc6 exf3 17. Bxd7 Ke7 18. gxf3 Bg5 19. Kb1 Kf7 20. Rhd1 c6
21. Rd6 Be7 22. R6d3 Kf6 23. f4 Rg8 24. f3 Rg7 25. e4 Bc5 26. e5+ 1-0

[Event "Lansing (Apr)"]
[Site "?"]
[Date "1992.??.??"]
[Round "?"]
[White "Brauker, J."]
[Black "Krzyston, Joe"]
[Result "1-0"]
[WhiteElo "1605"]
[BlackElo "1605"]
[PlyCount "103"]
[EventDate "1992.??.??"]

1. e4 b6 2. d4 Bb7 3. Nc3 Nf6 4. Bd3 Nc6 5. Nge2 d5 6. e5 Ng4 7. O-O f6 8. Ng3
Nxd4 9. Qxg4 c5 10. exf6 Bc8 11. fxe7 Bxg4 12. exd8=Q+ Rxd8 13. Re1+ Be7 14.
Bg5 Rd7 15. Bxe7 c4 16. Nxd5 cxd3 17. Bf6+ Kf7 18. Bxd4 Rxd5 19. cxd3 Rxd4 20.
f3 Be6 21. Red1 Rhd8 22. Ne4 h6 23. Nf2 R8d5 24. Rac1 Rc5 25. a3 Rxc1 26. Rxc1
Rd5 27. Rc7+ Rd7 28. Rxd7+ Bxd7 29. Ne4 Ke6 30. Kf2 Bb5 31. Ke3 Ke5 32. f4+ Ke6
33. g3 a5 34. d4 Bc4 35. Nc3 b5 36. b4 a4 37. g4 g6 38. h4 Kf6 39. Ke4 g5 40.
fxg5+ hxg5 41. h5 Bb3 42. d5 Bc2+ 43. Kd4 Kg7 44. Nxb5 Bd1 45. Ke5 Bxg4 46. Nd4
Bxh5 47. Ne6+ Kg6 48. d6 g4 49. d7 g3 50. d8=Q g2 51. Nf4+ Kh6 52. Nxg2 1-0